[Event "Lansing op"]
[Site "Lansing"]
[Date "2004.09.06"]
[Round "7"]
[White "Guilfoyle, Jeffrey P"]
[Black "Sundeen, David"]
[Result "0-1"]
[WhiteElo "1470"]
[BlackElo "1600"]
[PlyCount "128"]
[EventDate "2004.09.03"]
[EventType "swiss"]
[EventRounds "7"]
[EventCountry "USA"]
[SourceTitle "EXT 2007"]
[Source "ChessBase"]
[SourceDate "2006.11.23"]
[SourceVersion "1"]
[SourceVersionDate "2006.11.23"]
[SourceQuality "1"]

1. d4 Nf6 2. c4 g6 3. Nc3 Bg7 4. e4 d6 5. Be3 0-0 6. h3 Nbd7 7. Qd2 e5 8. d5 a6 9. Bd3 Ne8 10. Bh6 Nc5 11. Bc2 f5 12. Bxg7 Nxg7 13. 0-0-0 f4 14. Nf3 Nd7 15. h4 Nf6 16. Rdf1 Bd7 17. g3 Nfh5 18. Ne2 Bg4 19. Ng5 Bxe2 20. Qxe2 fxg3 21. Rhg1 g2 22. Re1 Nf4 23. Qg4 Rf6 24. Re3 Qe7 25. Bd1 Raf8 26. Bf3 Qe8 27. Bxg2 Nxg2 28. Rxg2 Rxf2 29. Rxf2 Rxf2 30. Rb3 b6 31. Rc3 Rf1+ 32. Kd2 Rf2+ 33. Kc1 Qf8 34. Rf3 Rxf3 35. Nxf3 Qf4+ 36. Qxf4 exf4 37. Kd2 h6 38. e5 dxe5 39. Nxe5 g5 40. hxg5 hxg5 41. b4 Nf5 42. Kd3 Kg7 43. Ke4 Nd6+ 44. Kd4 Kf6 45. Ng4+ Kf5 46. Nh6+ Kg6 47. Ng4 Kh5 48. Nf2 Kh4 49. c5 bxc5+ 50. bxc5 Nf7 51. Kd3 g4 52. Ke2 g3 53. Nd3 Kg4 54. d6 cxd6 55. cxd6 f3+ 56. Ke3 g2 57. Kf2 Nxd6 58. Ne5+ Kh3 59. Nxf3 Ne4+ 60. Kg1 Nc3 61. a3 Kg3 62. Nd4 a5 63. Nf5+ Kh3 64. Ne3 Ne2+ 0-1

[Event "Lansing op"]
[Site "Lansing"]
[Date "2004.09.03"]
[Round "1"]
[White "Beckwith, Stan"]
[Black "Guilfoyle, Jeffrey P"]
[Result "1-0"]
[WhiteElo "1714"]
[BlackElo "1470"]
[PlyCount "75"]
[EventDate "2004.09.03"]
[EventType "swiss"]
[EventRounds "7"]
[EventCountry "USA"]
[SourceTitle "EXT 2007"]
[Source "ChessBase"]
[SourceDate "2006.11.23"]
[SourceVersion "1"]
[SourceVersionDate "2006.11.23"]
[SourceQuality "1"]

1. d4 d5 2. c4 e6 3. Nc3 Nf6 4. Bg5 Be7 5. e3 0-0 6. Nf3 h6 7. Bh4 b6 8. Bd3 dxc4 9. Bxc4 Bb7 10. 0-0 Nbd7 11. Qe2 c5 12. Rfd1 Qc7 13. Bg3 Qc8 14. e4 Nh5 15. d5 Nxg3 16. hxg3 e5 17. Nh2 a6 18. a4 Bd6 19. g4 Nf6 20. Rd3 Nh7 21. Rg3 Qd8 22. Nd1 Ng5 23. Nf3 Bc8 24. Nxg5 Qxg5 25. Ne3 g6 26. Nf5 Bxf5 27. gxf5 Qf6 28. Bxa6 Kh7 29. Rf3 gxf5 30. Rxf5 Qg6 31. Ra3 f6 32. Rg3 Qf7 33. Bb5 Rg8 34. Rgf3 Qg6 35. g3 Raf8 36. Bd7 h5 37. Rc3 Qg4 38. Rxh5+ 1-0

[Event "Lansing op"]
[Site "Lansing"]
[Date "2002.09.02"]
[Round "6"]
[White "Vorhauer, Sam"]
[Black "Guilfoyle, Jeffrey P"]
[Result "0-1"]
[WhiteElo "1381"]
[BlackElo "1353"]
[PlyCount "84"]
[EventDate "2002.08.30"]
[EventType "swiss"]
[EventRounds "7"]
[EventCountry "USA"]
[SourceTitle "EXT 2007"]
[Source "ChessBase"]
[SourceDate "2006.11.23"]
[SourceVersion "1"]
[SourceVersionDate "2006.11.23"]
[SourceQuality "1"]

1. d4 d5 2. e3 Nf6 3. Nf3 Nc6 4. c3 Bg4 5. Bd3 e5 6. dxe5 Nxe5 7. Qa4+ Nc6 8. Ne5 Bd7 9. Nxd7 Qxd7 10. Qb3 Na5 11. Qc2 Bd6 12. b4 Nc4 13. Nd2 b5 14. Bf5 Qe7 15. Nf3 0-0 16. 0-0 Ne4 17. Bxe4 dxe4 18. Nd4 a6 19. Nf5 Qe5 20. Nxd6 Nxd6 21. Bb2 Nc4 22. Rad1 Qe7 23. Rd4 f5 24. Rfd1 Rad8 25. Qe2 Rd6 26. Bc1 Qe6 27. Rxd6 cxd6 28. f4 Qf6 29. Rd4 Rc8 30. Bd2 g5 31. g3 gxf4 32. exf4 Qg6 33. Kg2 Kf8 34. Be3 Qg4 35. Qxg4 Nxe3+ 36. Kh1 Nxg4 37. Rxd6 e3 38. h3 e2 39. Re6 Re8 40. Rxe2 Rxe2 41. hxg4 fxg4 42. a4 bxa4 0-1

[Event "Lansing op"]
[Site "Lansing"]
[Date "2001.09.03"]
[Round "7"]
[White "Imai, Toshio"]
[Black "Guilfoyle, Jeffrey P"]
[Result "1/2-1/2"]
[WhiteElo "1400"]
[BlackElo "1402"]
[PlyCount "25"]
[EventDate "2001.08.31"]
[EventType "swiss"]
[EventRounds "7"]
[EventCountry "USA"]
[SourceTitle "EXT 2007"]
[Source "ChessBase"]
[SourceDate "2006.11.23"]
[SourceVersion "1"]
[SourceVersionDate "2006.11.23"]
[SourceQuality "1"]

1. e4 c5 2. d4 cxd4 3. c3 dxc3 4. Nf3 d6 5. Nxc3 Nf6 6. e5 Ng4 7. Bc4 Qb6 8. 0-0 Nxe5 9. Nxe5 dxe5 10. Be3 Qc7 11. Qb3 e6 12. Nb5 Qe7 13. Rad1 1/2-1/2